Educación y vida moderna: un enfoque psicoanalítico

Saved in:
Bibliografiske detaljer
Hovedforfatter: Bettelheim, Bruno (Author)
Format: Bog
Sprog:spansk
Udgivet: Barcelona Crítica 1982
Serier:Estudio y Ensayos, 85
Fag:
Tags: Tilføj Tag
Ingen Tags, Vær først til at tagge denne postø!

MARC

LEADER 00000nam a2200000 a 4500
001 UCU0547
003 CL-VaPUC
008 960322e19820000SP |||||||||||||||||spa|d
082 0 4 |a 370.1  |b BET  |2 21 
100 0 |a Bettelheim, Bruno  |e author  |9 355829 
245 1 0 |a Educación y vida moderna: un enfoque psicoanalítico 
300 |a 300 p 
942 |c BK 
945 |d 19960322 00:00:00  |a lriquelm 
260 |a Barcelona  |b Crítica  |c 1982 
650 0 |a Filosofía de la educación   |9 258384 
650 0 |a Sociedad contemporánea  |9 337179 
650 0 |a Psicoanálisis   |9 265702 
583 |a last modification  |c 19960322 00:00:00  |k Rodrigo Vera 
490 0 |a Estudio y Ensayos, 85 
999 |c 245388  |d 245386 
952 |0 0  |1 0  |4 0  |6 370_100000000000000_BET_1982  |7 0  |8 P  |9 259883  |a BIBEDU  |b BIBEDU  |c BIBEDU_PB  |d 2019-11-19  |i 1637363  |o 370.1 BET 1982  |p 1637363  |r 2024-01-25  |w 2019-11-19  |y BK  |k EDU